00612nam a2200193 i 4500001001100000003000500011005001700016008004100033022001400074040002500088082001700113245009400130264006600224300002900290336002100319337002500340338002300365650003000388C2-0239284PPAK20180727202215.0020515s1997 my |||| ||||| | may d a0127-2063 aPPAKbengcPPAKerda04a352.122522300aBelanjawan Negeri Kedah Darul Aman 1997 banggaran hasil dan perbelanjaan bagi tahun 1997 1aKedah : bPejabat Kewangan dan Perbendaharaan Negeri , c1997 axii, 396 pages ; c30 cm 2rdacontentatext 2rdamediaaunmediated 2rdacarrieravolume10aBudget - Malaysia - Kedah